000 00385nam a2200145Ia 4500
008 230917s9999||||xx |||||||||||||| ||und||
040 _e69102
_aMAIN
041 _aEnglish
082 _a382.1 C734C
100 _aVienna Institute for Comparative Economic Studies
245 0 _aCommon foreign trade data 1980
260 _aLondon
_bMacmillan
_c1981
300 _a509 p.
942 _cBK
999 _c222508
_d222508